Nicolodo viaja al País de la Cocina /

Guardado en:
Autor Principal: Montes, Graciela.
Otros Autores: Díaz, Julia; il.
Formato: Libro
Idioma:Undetermined
Publicado: Buenos Aires : Gramón-Colihue, 1996.
Series:Los cuentos del Ratón Feroz
Materias:
Etiquetas: Agregar Etiqueta
Sin Etiquetas, Sea el primero en etiquetar este registro!
LEADER 00651nam a22001935a 4500
001 CEM.cems024327
008 241001s1996####ag############000#0#und#d
005 20241001144747.0
245 1 0 |a Nicolodo viaja al País de la Cocina /  |c Graciela Montes ; ilustraciones de Julia Díaz. 
260 |a Buenos Aires :  |b Gramón-Colihue,  |c 1996. 
300 |a 30 p. 
490 1 |a Los cuentos del Ratón Feroz 
020 |a 9879069366 
100 1 |a Montes, Graciela. 
700 1 |a Díaz, Julia; il. 
653 |a Literatura infantil 
653 |a Literatura argentina 
653 |a Narrativa argentina 
859 |a CEMS  |b BIB. CEMS - Inicial y Primaria  |h A863.4  |i M764-8  |k IP  |p 3474  |t Ej.1